Diagnóstico y evaluación de las actividades de explotación, transporte e industrialización de los recursos forestales en la región Atlántica de Costa Rica
Estudia las actividades de utilización e industrialización de los recursos forestales en la región Atlántica de Costa Rica, examina la extracción de los productos forestales, la tecnología utilizada, el transporte (fluvial, ferroviario y por carretera), los costos y los márgenes de ganancias, inform...
में बचाया:
| मुख्य लेखक: | |
|---|---|
| निगमित लेखक: | |
| स्वरूप: | मूलपाठ |
| प्रकाशित: |
San José:
OFIPLAN
|
| विषय: | |
| टैग: |
टैग जोड़ें
कोई टैग नहीं, इस रिकॉर्ड को टैग करने वाले पहले व्यक्ति बनें!
|
MARC
| LEADER | 00000 a a2200000 04500 | ||
|---|---|---|---|
| 001 | 19824 | ||
| 003 | |||
| 040 | |||
| 090 | |a 080100 | ||
| 100 | |a Green D, James B. | ||
| 110 | |a Costa Rica. Presidencia de la República. Oficina de Planificación Nacional y Política Económica | ||
| 245 | |a Diagnóstico y evaluación de las actividades de explotación, transporte e industrialización de los recursos forestales en la región Atlántica de Costa Rica | ||
| 260 | |a San José: |b OFIPLAN | ||
| 300 | |a 78 p | ||
| 520 | |a Estudia las actividades de utilización e industrialización de los recursos forestales en la región Atlántica de Costa Rica, examina la extracción de los productos forestales, la tecnología utilizada, el transporte (fluvial, ferroviario y por carretera), los costos y los márgenes de ganancias, informa sobre el número y tamaño de las fincas explotadas, los permisos otorgados por instituciones estatales, especies explotadas, producción, localización de aserraderos y descripción de su maquinaria, sistema de comercialización (mercado interno e internacional), y número de empleados en el sector forestal./ACM | ||
| 650 | |a COSTA RICA | ||
| 650 | |a INDUSTRIA DE LA MADERA | ||
| 650 | |a ARTICULOS DE MADERA | ||
| 650 | |a RECURSOS FORESTALES | ||
| 999 | |c 11148 |d 11148 | ||
